LEADER 01566nam a2200217 i 4500 001 000000237979 003 CaOOAMICUS 005 20240902154029.0 008 150116s1732 it u000 u lat u 013 $a216884 026 $antam isem t.o- ctca (3) 1732 (R) 040 $aSeMil$bita 245 13$a3: Volumen tertium complectens responsionem domni Armandi Buthilierii de Rance ... ad eundem tractatum; quae nunc primum prodit è gallico sermonem conversa. 300 $a[24], 275, [1] p. 500 $aSegn.: pg4 *-2*4 A-2K4 2L6 500 $aMarca editoriale: L'Italia: donna, corona turrita su testa, scettro in mano dx, cornucopia in sx, siede su globo terrestre circondata da armi; a dx aquila. Nastro scritta L'Italia (O734). Sul front. 773 0 $aMabillon, Jean $tTractatus de studiis monasticis in tres partes distributus, cum quadam praecipuarum difficultatum serie, quae in autographorum operum lectione singulis quibusque saeculis occurrunt, ... addito Catalogo ad Bibliothecam in Ecclesiasticis materiis comparandam, auctore p.d. Joanne Mabillon ... Tomus 1. [-volumen 3.] Latine versus a p.d. Josepho Porta Astensi ..$bEditio secunda.$dVenetiis : Typis Andreae Poleti, 1729-1732.$g3$w()31259 850 $aSeMil 852 $aSeMil$W1$xVenegono$y1$m3C III 56 FA$j188325$B188325$CSeMilBibl$Z2$F199122 $8I 996 $6245$a3: Volumen tertium complectens responsionem domni Armandi Buthilierii de Rance ... ad eundem tractatum; quae nunc primum prodit è gallico sermonem conversa$9(OLS)http://semarc/title/339206 LEADER 00971nam a2200229 i 4500 001 000000070015 003 CaOOAMICUS 005 20080609000000.0 008 080609s1981 it u000 u ita u 013 $a41187 040 $aSeMil$bita 100 1 $aFumagalli Beonio Brocchieri, Mariateresa,$d<1933- >.$0(OLS)http://semarc/name/19468 245 13$aLe enciclopedie dell'occidente medioevale /$cMaria Teresa Beonio-Brocchieri Fumagalli. 260 $aTorino :$bLoescher,$ccopyr. 1981. 300 $a231 p. ;$c19 cm. 490 0 $aPedagogia ;$v20 650 4$aEnciclopedie - Storia - Origini - Antologie.$0(OLS)http://semarc/subject/13928 830 0$aPedagogia ;$v20.$0(OLS)http://semarc/title/4397 850 $aSeMil 852 $aSeMil$W1$xVenegono$y1$m2P I 481$j36168$B36168$CSeMilBibl$Z2$F36171 $81 996 $6245$aLe enciclopedie dell'occidente medioevale$9(OLS)http://semarc/title/112286 996 $6260$aTorino :$bLoescher$9(OLS)http://semarc/publisher/30450